A Practical Guide to the Internet (Record no. 345898)
[ view plain ]
| 000 -LEADER | |
|---|---|
| fixed length control field | 00405 a2200157 4500 |
| 020 ## - INTERNATIONAL STANDARD BOOK NUMBER | |
| International Standard Book Number | 8175151226 |
| 082 ## - DEWEY DECIMAL CLASSIFICATION NUMBER | |
| Classification number | 004.67 |
| 090 ## - LOCALLY ASSIGNED LC-TYPE CALL NUMBER (OCLC); LOCAL CALL NUMBER (RLIN) | |
| -- | 3419 |
| -- | 3419 |
| 100 ## - MAIN ENTRY--PERSONAL NAME | |
| Personal name | Tiwana,Amrit Bir. |
| 245 ## - TITLE STATEMENT | |
| Title | A Practical Guide to the Internet |
| Statement of responsibility, etc. | Amrit Bir Tiwana |
| 250 ## - EDITION STATEMENT | |
| Edition statement | 1st |
| 260 ## - PUBLICATION, DISTRIBUTION, ETC. | |
| Place of publication, distribution, etc. | New Delhi |
| Name of publisher, distributor, etc. | Galgotia Publications pvt.ltd. |
| Date of publication, distribution, etc. | 1997 |
| 300 ## - PHYSICAL DESCRIPTION | |
| Extent | 271p |
| 500 ## - GENERAL NOTE | |
| General note | Paper cover |
| 942 ## - ADDED ENTRY ELEMENTS (KOHA) | |
| Institution code [OBSOLETE] | NBS |
| Koha item type | Book |
| Call number prefix | 004.67 TWI |
| Withdrawn status | Lost status | Damaged status | Not for loan | Permanent Location | Current Location | Shelving location | Date acquired | Total Checkouts | Full call number | Barcode | Date last seen | Date last checked out | Price effective from | Koha item type |
|---|---|---|---|---|---|---|---|---|---|---|---|---|---|---|
| Central Library (CL) | Central Library (CL) | First Floor - Data Communication/Network/Architecture | 08/28/2013 | 1 | 004.67 TWI | NBS2922 | 11/22/2017 | 07/18/2017 | 08/28/2013 | Book |
